| 000 | 00513nam a2200169Ia 4500 | ||
|---|---|---|---|
| 008 | 150121s9999 xx 000 0 und d | ||
| 020 | _a2012-0885 | ||
| 245 |
_aFar Eastern University Faculty Research Journal / _h[electronic resource] |
||
| 260 |
_bFar Eastern University, _c2011. |
||
| 516 | _aElectronic text | ||
| 650 | _aEducation. | ||
| 650 | _aMultidisciplinary. | ||
| 650 | _aNursing. | ||
| 830 | _aPhilippine E-Journals | ||
| 856 | _uhttp://www.ejournals.ph/index.php?journal=FEUFRJ | ||
| 942 | _cEJ | ||
| 999 |
_c277014 _d277014 |
||